Berühmte Deutsche die im Ausland geboren wurden - Statistiken

Allgemein
  • Dieses Quiz wurde 199 mal gespielt
  • Das Durchschnittsergebnis liegt bei 12 aus 42
Antwortstatistiken
Geburtsort Geburtsjahr Hinweis Person % Korrekt
Ixelles/Elsene, Belgien 1958 CDU-Politikerin, Präsidentin der Europäischen Kommission, ehemalige Verteidigungs- und Arbeitsministerin Ursula von der Leyen
86%
Gliwice (Gleiwitz), Polen 1985 Fußballspieler, Vereinsikone des 1.FC Köln, Weltmeister 2014 Lukas Podolski
80%
Opole (Oppeln), Polen 1978 ehemaliger Fußballspieler, erfolgreichster Torschütze der deutschen Nationalmannschaft, Weltmeister 2014 Miroslav Klose
80%
Brașov, Rumänien 1949 Sänger ("Und es war Sommer", "So bist du", "Über 7 Brücken musst du gehen"), Tabaluga-Erfinder Peter Maffay
76%
Krasnojarsk, Russland 1984 Schlagersängerin ("Atemlos durch die Nacht", "Herzbeben") Helene Fischer
68%
Linz, Österreich 1942 TV- und Radiomoderator, Erfinder und erster Gastgeber von "Wetten, dass..?" Frank Elstner
65%
Montreal, Kanada 1965 Entertainerin, Komikerin, Schauspielerin ("Ladykracher"), deutsche Stimme von Marge Simpson Anke Engelke
54%
Paris, Frankreich 1858 Erfinder eines nach ihm benannten Verbrennungsmotors Rudolf Diesel
53%
Los Angeles, USA 1981 Schauspielerin ("7 Zwerge", "Der Bibelcode") und Synchronsprecherin ("Mulan"), Tochter der "Godmother of Punk" Cosma Shiva Hagen
51%
Tunis, Tunesien 1937 Schlagersänger ("Ein bisschen Spaß muss sein", "Der Puppenspieler von Mexiko") Roberto Blanco
50%
Barcelona, Spanien 1978 Schauspieler ("Good Bye, Lenin!", "Rush – Alles für den Sieg", "Inglourious Basterds") Daniel Brühl
43%
Sankt Petersburg, Russland 1985 Moderatorin und Schauspielerin u.a. Sidekick von Joko & Klaas in "Circus HalliGalli" und "neoParadise" Palina Rojinski
38%
Buenos Aires, Argentinien 1947 Schauspieler ("Der Schuh des Manitu", "Otto - Der Film", "Eyes Wide Shut") Sky du Mont
38%
La Paz, Bolivien 1968 Moderatorin und Sängerin, Ex-Frau von Dieter Bohlen Verona Pooth
38%
Phoenix, USA 1972 Moderator von "Schlag den Raab" (Star) sowie diverser TV total-Events Steven Gätjen
37%
Oslo, Norwegen 1978 Moderatorin ("taff", "Popstars", "X Factor"), Ehefrau von Sido Charlotte Würdig
36%
Riga, Lettland 1909 Komiker und Unterhaltungskünstler, Hornbrillen-Träger Heinz Erhardt
32%
Rio de Janeiro, Brasilien 1982 ehemaliger Fußballspieler (VfB Stuttgart, Schalke, Dynamo Moskau, Hoffenheim, Nationalmannschaft) Kevin Kurányi
28%
Nițchidorf, Rumänien 1953 Schriftstellerin ("Niederungen", "Herztier", "Atemschaukel"), Literatur-Nobelpreisträgerin 2009 Herta Müller
25%
Borneo, Indonesien 1972 Moderator ("Quarks", "Die Sendung mit der Maus", "Wissen macht Ah") und Autor Ralph Caspers
24%
Zürich, Schweiz 1930 Schauspieler ("Winnetou 1. Teil", "Die Blechtrommel") Mario Adorf
23%
Asmara, Eritrea 1983 Komiker und Schauspieler ("Halbe Brüder"), als Antoine erfolgreicher Webvideoproduzent Tedros Teclebrhan
23%
Lugano, Schweiz 1968 Schauspieler ("Gegen den Wind", "Forsthaus Falkenau", "Stauffenberg") Hardy Krüger junior
20%
Tokio, Japan 1942 Journalist und Autor, langjähriger Moderator der tagesthemen Ulrich Wickert
20%
Chicago, USA 1952 Schauspieler ("Der Kommissar und das Meer", "girl friends", "Nikola") Walter Sittler
19%
Istanbul, Türkei 1968 Schauspieler ("Mordkommission Istanbul", "Die Alpenklinik", "Alexander") Erol Sander
17%
Madrid, Spanien 1953 Synchronsprecher und Schauspieler, bekannt als deutsche Stimme von SpongeBob Schwammkopf und Steve Urkel Santiago Ziesmer
17%
Istanbul, Türkei 1968 Kabarettist und Autor, "Hassprediger" Serdar Somuncu
17%
Neu-Delhi, Indien 1967 Musiker, Hälfte von Rosenstolz Peter Plate
11%
Johannesburg, Südafrika 1990 Sänger ("Glücksmoment"), DSDS-Sieger 2016 Prince Damien
11%
Teheran, Iran 1967 Schauspielerin ("Bandits", "Letzte Spur Berlin"), Synchronsprecherin und Musikerin Jasmin Tabatabai
10%
Madrid, Spanien 1980 Fernsehmoderatorin bei Super-RTL Nina Moghaddam
9%
Shanghai, China 1935 Krimi-Autorin ("Die Häupter meiner Lieben", "Die Apothekerin", "Kalt ist der Abendhauch") Ingrid Noll
8%
Buenos Aires, Argentinien 1929 Synchronsprecher und Schauspieler, war die deutsche Stimme von Homer Simpson Norbert Gastell
8%
Accra, Ghana 1968 Sänger, 1997 mit "Lonely" Nr.1 der Charts Nana Abrokwa
7%
Aira, Äthiopien 1969 Schauspieler und Moderator, moderierte u.a. zusammen mit Bettina Tietjen den Talk aus Hannover Yared Dibaba
7%
Zürich, Schweiz 1951 Kabarettistin, Schauspielerin und Sängerin Lisa Fitz
5%
San José, Costa Rica 1996 Schauspielerin ("Allein gegen die Zeit", "Das Geheimnis der Hebamme", "Zazy", "Polar") Ruby O. Fee
4%
Mendefera, Eritrea 1979 Moderatorin (MTV, ZDFkultur), regelmäßig zu Gast bei "strassenstars" Hadnet Tesfai
2%
Mexiko-Stadt, Mexiko 1968 Schauspielerin ("Schloß Hohenstein", "Frank Riva", "Ein vorbildliches Ehepaar") Sophie von Kessel
2%
Toronto, Kanada 1971 Schauspieler ("Luther", "Das Wunder von Lengede", "Dresden", "Passion") Benjamin Sadler
1%
Shanghai, China 1941 Schauspieler ("Radetzkymarsch"), vor allem am Theater tätig ("Jedermann", "Othello") Gert Voss
1%
Keine übereinstimmenden Quizze gefunden
Verteilung der Resultate
Anzahl Personen mit jedem Resultat
Perzentil nach korrekt beantworteten Fragen
Ihre Resultats-Entwicklung
Sie haben dieses Quiz noch nicht gespielt